00842nam a2200241Ia 4500003000400000005001700004008004100021040000700062041000800069082001900077100004500096245006300141260005400204300001000258365001300268440000900281650003700290650003000327906006400357942001200421999001900433952014800452OSt20230522155348.0210423s2002 xx 000 0 und d cAL aeng a323 223bIIHR aINDIAN INSTITUTE OF HUMAN RIGHTS9110696 aImplementation enforcement and realization of human rights aNew DelhibIndian Institute of Human Rightsc2002 a1,104 b250cINR v4B.3 aCivil & Political Rights9110697 aPolitical Science9110698 aenforcement ; human ; Implementation ; realization ; rights 2ddccBK c172756d172756 001040708MSWaSACPGbSACPGd2002-04-11eIndian Institute of Human Rightsg250.00l0o323 IIHRpPG019311r2022-08-24 00:00:00w2021-04-26yBK